000 00490nam a2200133 a 4500
008 120416s1961 ||||||||||||||||| || u
050 _aP 92.A4 Doo
100 _aDoob, Leonard W
245 1 0 _aCommunication in Africa
246 _aa search for boundaries
260 _aLondon
_bYale University
_c1961
350 _a0.00
995 _D0.00
_FCBU-MAIN LIBRARY (Kitwe)
_H1
_I9.95
_M1
_UAVAILABLE
_WApr 20, 2007
_ZAnnex Low-Usage Collection
999 _c37923
_d37923